00808nam a2200241Ia 450000100060000000300090000600800410001504000130005604000130006904100130008210000220009510000290011724500630014624500940020925000110030326000140031426000190032826000490034730000570039650000570045365000250051065000310053588738IT-RoPAU130308s9999 xx 000 0 und d aIT-RoPAU cIT-RoPAU aFRANCESE aGambarara Daniele gCodice Aut. SPICS: 3628 aOrigine des noms et du langage dans la Grece ancienne (L') bHistoire des idees Linguistiques-1-La Naissance des Metalangages En Orient et En Occident a1a ed. aBRUXELLES bMardaga Pierre c1989 [1° Ed.:1989 - Ed.Ling.Originale:1989] a"19 p. (prefazione: no ; testo: 19 [pagine: 79-97])" aOrigine dei Nomi e del Linguaggio nell'antica Grecia aSAGGI DI LINGUISTICA eCodice materia Spics: 3207